Allianz potrebuje čerstvý kapitál

Zlé hospodárske výsledky najväčšej európskej poisťovne Allianz AG za r. 2002 - veľká strata, ktorú chce poisťovňa vyrovnať emisiou cenných papierov. Skupina má v súčasnosti akútny nedostatok kapitálu. Potreba nového kapitálu. Zníženie ratingov Allianzu AG. Snaha zvýšiť počet klientov.

Gespeichert in:
Bibliographische Detailangaben
1. Verfasser: Záborský, Ján
Format: Buchkapitel
Sprache:Slowakisch
Schlagworte:
Tags: Tag hinzufügen
Keine Tags, Fügen Sie das erste Tag hinzu!

MARC

LEADER 00000naa a2200000 4500
001 r048344
005 20230921114620.3
041 0 |a slo 
044 |a SK 
245 1 0 |a Allianz potrebuje čerstvý kapitál  |c Ján Záborský 
520 |a Zlé hospodárske výsledky najväčšej európskej poisťovne Allianz AG za r. 2002 - veľká strata, ktorú chce poisťovňa vyrovnať emisiou cenných papierov. Skupina má v súčasnosti akútny nedostatok kapitálu. Potreba nového kapitálu. Zníženie ratingov Allianzu AG. Snaha zvýšiť počet klientov. 
610 2 0 |a poisťovne 
610 2 0 |a poisťovníctvo 
610 2 0 |a kapitál 
610 2 0 |a rating 
610 2 0 |a klienti 
610 2 0 |a výsledok hospodársky 
610 2 0 |a Allianz AG 
610 2 0 |a 2002 
100 1 |a Záborský, Ján